00596nam a2200193Ia 4500008004100000020000700041082001600048100001700064245003500081250000700116260003300123300003200156500001900188600002700207650001500234942000700249952013100256999001500387240925s9999 xx 000 0 und d aNA a621.397 MOT amotorola - - 0aDynamic Rams & Memory Modules  aNA aChina:bMotorola incc,1996. aVarious pagesbNAfOriginal aIncludes Index aElectronic Engineering aTechnology cBK 011440708ELaUITUbUITUd1999-02-23eTawakkal Book Cnterg85.00l0o621.397 MOTpQ1924r2024-09-25 07:12:36w2024-09-25yBK c4423d4423